000 01278nam a22003017i 4500
999 _c22786
_d22786
003 AR-CdUCM
008 240307b20212021pe ||||| |||| 00| 0 spa d
020 _a978-612-4392-39-9
040 _aMUNICIPALIDAD PROVINCIAL DEL CUSCO
_cBIBLIOTECA MUNICIPAL DEL CUSCO
041 _hspa
082 _a985.04 / P53
_bP53
100 _aPiccone Camere, Carlos
_949442
245 _aEl Bicentenario de la Independencia del Perú :
_bGénesis y desenlace del nacimiento de la república peruana /
260 _aCusco :
_bUniversidad Andina del Cusco,
_c2021
300 _a101 páginas. :
_c23 cm.
500 _zBibliografía: páginas 85-101
505 _aLas independencias americanas -- Antecedentes coloniales -- La herencia colonial -- Contexto histórico -- El ocaso del Perú colonial-- De los corregimientos a las intendencias -- Premisas Historiográficas -- El virrey José de Abascal.
650 _aIndependencias americanas
_949443
650 _aOrígenes
_923017
650 _aÉpoca colonial
_949444
650 _aSociedad colonial
_929669
650 _aLa iglesia en el coloniaje
_949445
650 _aIndependencia del Perú
_912556
650 _aLas Cortes de Cádiz
_949446
856 _fwww.uandina.edu.pe
942 _2ddc
_cLIBROS
945 _apbj
_d07-03-2024